Statistics for Disney Channel Series by First Line of Intro

Click here to take the quiz!

General Stats

  • This quiz has been taken 129 times
  • The average score is 7 of 12

Answer Stats

First LineDisney Channel Series% Correct
You get the limo out frontHannah Montana
89%
When the crowd wants more I bring on the thunderAustin & Ally
77%
Well, you know everything's gonna be a breezeWizards of Waverly Place
75%
I'm up with the sunshineLiv and Maddie
73%
Today's all burnt toastGood Luck Charlie
66%
You can spend all day on a swing eating a BaguetteBizaardvark
65%
Here I am in your lifeThe Suite Life of Zack & Cody
64%
Everybody's got their thingA.N.T. Farm
62%
Would you rather lose your phone or give up pizza for a month?Coop & Cami Ask the World
50%
I've been waiting for a day like this to comeGirl Meets World
42%
Like father, like daughter, we don't always agreeSydney to the Max
41%
I'm standing on the edgeAndi Mack
40%

Score Distribution

Percentile by Number Answered

Percent of People with Each Score

Your Score History

You have not taken this quiz